| 000 | 01075nam a2200301Ia 4500 | ||
|---|---|---|---|
| 003 | OSt | ||
| 005 | 20221007123948.0 | ||
| 006 | a|||||r|||| 00| 0 | ||
| 007 | ta | ||
| 008 | 221006b |||||||| |||| 00| 0 eng d | ||
| 020 | _a9781891389542 (hbd) | ||
| 024 | _a83370 | ||
| 037 |
_b1178, 14/01/2009, Educational Book Agency (India) _cTextbook |
||
| 040 |
_aCDL _cCDL _beng |
||
| 041 |
_2eng _aeng |
||
| 082 | _aE5:4, P9 Carc | ||
| 100 |
_aWalsh Patrick J _9718225 |
||
| 245 | 0 |
_aFundamentals of asymmetric catalysis _b Kozlowski Marisa C |
|
| 260 |
_aCalifornia _bUniversity Science Books _c2009 |
||
| 300 |
_axiv, 674p. _ccm. |
||
| 500 | _aIncludes bibliographical references.; Appendix 577-636p.; Index 637-673p. | ||
| 650 |
_a Asymmetry synthesis _9718226 |
||
| 650 |
_a Enantioselective catalysis _9718227 |
||
| 650 | _aChemistry | ||
| 700 |
_a Kozlowski Marisa C _9718228 |
||
| 942 |
_hE5:4, P9 Carc _cTB _2CC |
||
| 999 |
_c1212727 _d1212727 |
||